| 000 | 00425nam a2200169Ia 4500 | ||
|---|---|---|---|
| 001 | 18940 | ||
| 003 | IN-NITTTR | ||
| 005 | 20251114233219.0 | ||
| 008 | 251113s9999||||xx |||||||||||||| ||eng|| | ||
| 040 | _beng | ||
| 040 | _cIN-NITTTR | ||
| 041 | _aeng | ||
| 082 | _a339.46 K96P | ||
| 100 | _aB.Kumar, | ||
| 245 | 0 |
_aPlanning, development and poverty alleviation : _b a 21st century perspective / _cB.Kumar |
|
| 942 |
_2ddc _cBK |
||
| 999 |
_c21574 _d21574 |
||